000 01045nam a22003017a 4500
001 000755
003 DO-SdBNP
005 20180212153440.0
007 000755
008 161128b 1993 sp a ||||| |||| 00| 0 spa d
020 _a8434840480
040 _aBPMSU
_bspa
_cBPMSU
082 _axxxx
_bxxxx
100 1 _aNöstlinger, Christine,
_d1936-
240 1 _aMini fährt ans Meer.
_lEspañol
245 1 0 _aMini va a la playa /
_cChristine Nöstlinger ; traducción del alemán, Carmen Bas ; ilustraciones, Christine Nöstlinger, jr.
260 _aMadrid :
_bSM.
_c1993.
300 _a76 p. :
_bil. ;
_c19 cm.
490 1 _aEl barco de vapor. Serie azul
_v51
500 _a"A partir de 7 años"
500 _aIncluye datos del autor en la solapa de la contracubierta.
700 1 2 _aBas Álvarez, Carmen,
_etr.
700 1 2 _aNöstlinger, Christine,
_d1961-
_eil.
830 0 _aEl barco de vapor. Serie azul ;
_v51
942 _2ddc
_cBK
945 _aInventariado, 2018 / BT
956 _2LOPEREZ
_310
_620161128
_8BPMSU
_a00041
999 _c12127
_d12127